Statistics for Scottish Football Clubs by Nickname

Click here to take the quiz!

General Stats

  • This quiz has been taken 86 times
    (54 since last reset)
  • The average score is 25 of 42

Answer Stats

Nickname Club % Correct
Bhoys; HoopsCeltic
98%
AcciesHamilton Academical
93%
KillieKilmarnock
89%
GersRangers
89%
Jam Tarts; JambosHeart of Midlothian
87%
BairnsFalkirk
80%
Dons; RedsAberdeen
80%
Livi; LionsLivingston
78%
DeeDundee
78%
Jags; Maryhill MagyarsPartick Thistle
78%
SaintsSt Johnstone
78%
Stenny; WarriorsStenhousemuir
73%
Honest MenAyr United
71%
WaspsAlloa Athletic
69%
FifersEast Fife
69%
ParsDunfermline Athletic
69%
SteelmenMotherwell
67%
BuddiesSt Mirren
67%
RoversRaith Rovers
67%
StaggiesRoss County
64%
DiamondsAirdrieonians
64%
Bully WeeClyde
62%
DoonhamersQueen of the South
62%
Blue Brazil; MinersCowdenbeath
62%
TerrorsDundee United
56%
Wee RoversAlbion Rovers
56%
TonGreenock Morton
53%
SpidersQueen's Park
51%
Red LichtiesArbroath
49%
SonsDumbarton
49%
Pride of the HighlandsInverness Caledonian Thistle
47%
BinosStirling Albion
44%
Blue ToonPeterhead
44%
Black & Golds; GalabankiesAnnan Athletic
40%
CityBrechin City
40%
Loons; Sky BluesForfar Athletic
38%
City; Black & WhitesElgin City
38%
Gable EndiesMontrose
33%
Citizens; LilywhitesEdinburgh City
29%
CabbageHibernian
29%
BluesStranraer
22%
ToonsersCove Rangers
11%

Score Distribution

Percentile by Number Answered

Percent of People with Each Score

Your Score History

You have not taken this quiz since the last reset